Discover the world of microbes: Bacteria, Archaea, and viruses (Record no. 13715)
[ view plain ]
| 000 -LEADER | |
|---|---|
| fixed length control field | 00418nam a22001577a 4500 |
| 003 - CONTROL NUMBER IDENTIFIER | |
| control field | OSt |
| 008 - FIXED-LENGTH DATA ELEMENTS--GENERAL INFORMATION | |
| fixed length control field | 240222b |||||||| |||| 00| 0 eng d |
| 020 ## - INTERNATIONAL STANDARD BOOK NUMBER | |
| ISBN | 9783527328451 |
| 041 ## - LANGUAGE CODE | |
| Language code of text/sound track or separate title | eng |
| 082 ## - DEWEY DECIMAL CLASSIFICATION NUMBER | |
| Classification number | 632.4 |
| Item number | GOT/DI |
| 100 ## - MAIN ENTRY--AUTHOR NAME | |
| Personal name | Gottschalk, Gerhard |
| 245 ## - TITLE STATEMENT | |
| Title | Discover the world of microbes: Bacteria, Archaea, and viruses |
| 260 ## - PUBLICATION, DISTRIBUTION, ETC. (IMPRINT) | |
| Place of publication | Weinheim |
| Name of publisher | Wiley-VCH verlag & Co |
| Year of publication | 2012 |
| 300 ## - PHYSICAL DESCRIPTION | |
| Number of Pages | 388 |
| 942 ## - ADDED ENTRY ELEMENTS (KOHA) | |
| Koha item type | Books |
| Withdrawn status | Lost status | Damaged status | Collection code | Home library | Current library | Shelving location | Date acquired | Source of acquisition | Cost, normal purchase price | Full call number | Accession Number | Koha item type |
|---|---|---|---|---|---|---|---|---|---|---|---|---|
| Non-fiction | KAUAET | KAUAET | General Stacks | 31/03/2012 | International Books and periodical supply service, New Delhi | 4149.00 | 632.4 GOT/DI | 23536 | Books |
